000 00277nam a22001217a 4500
041 _aENG
100 _aSharma.S.C
245 _aIndustrial Organisation & Engineering Economics
260 _aDelhi
_bKhanna Pub
_c2001
300 _a1218
650 _aFMP
856 _uFMP ( 23 )
999 _c1357
_d1357